| Tag |
First Indicator |
Second Indicator |
Subfields |
| LEADER |
00000cam a2200000 4500 |
| 001 |
in00000480310 |
| 005 |
20151013060216.0 |
| 008 |
691118r1969 nyua de 00100 eng |
| 010 |
|
|
|a 73007135
|
| 020 |
|
|
|a 0803822685
|c 37.50
|
| 035 |
|
|
|a (OCoLC)00028134
|
| 035 |
|
|
|9 ACC7396AM
|
| 040 |
|
|
|a DLC
|c DLC
|d TXA
|d UtOrBLW
|
| 049 |
|
|
|a TXAM
|c 1 [528611], 2 [1154086]
|
| 050 |
0 |
0 |
|a TR847
|b .F62 1969
|
| 082 |
0 |
|
|a 778.5/03
|
| 245 |
0 |
4 |
|a The Focal encyclopedia of film & television techniques.
|
| 250 |
|
|
|a [1st American ed.].
|
| 264 |
|
1 |
|a New York :
|b Hastings House,
|c [1969]
|
| 300 |
|
|
|a xxiv, 1100 pages :
|b illustrations ;
|c 24 cm.
|
| 336 |
|
|
|a text
|b txt
|2 rdacontent
|
| 337 |
|
|
|a unmediated
|b n
|2 rdamedia
|
| 338 |
|
|
|a volume
|b nc
|2 rdacarrier
|
| 650 |
|
0 |
|a Cinematography
|v Dictionaries.
|
| 650 |
|
0 |
|a Television
|v Dictionaries.
|
| 740 |
0 |
|
|a Encyclopedia of film & television techniques.
|
| 999 |
|
|
|a MARS
|
| 999 |
f |
f |
|s a5a9718a-86bc-3b3c-b4e4-190741856425
|i 2563c82c-e8e8-3fc8-9e5e-18e5428d0add
|t 0
|
| 952 |
f |
f |
|p ric
|a Texas A&M University
|b Rellis Campus
|c Joint Library Facility
|d Remote Storage
|t 0
|e TR847 .F62 1969
|h Library of Congress classification
|i unmediated -- volume
|m A14805632590
|
| 998 |
f |
f |
|a TR847 .F62 1969
|t 0
|l Remote Storage
|